Les genres de nuages - Statistiques

Statistiques générales
  • Ce quiz a été pris 263 fois
  • Le résultat moyen est 6 sur 10
Statistiques - réponses
Genre de nuages % Correct
Cumulonimbus
94%
Cumulus
90%
Stratus
79%
Cirrus
66%
Altostratus
56%
Altocumulus
54%
Stratocumulus
53%
Cirrostratus
52%
Cirrocumulus
51%
Nimbostratus
46%
Aucun quiz correspondant
Distribution des résultats
% des personnes avec chaque résultat
Percentile par nombre de réponses
Votre historique - résultats
Vous n’avez pas pris ce quiz